00483nam a2200121Ia 4500008004100000245011100041245002300152260000900175650003400184856005100218999001900269952007300288171204s9999 xx 000 0 und d aExcel: Strategic Use of the Calc Spreadsheet in Business Environment. Data Analysis and Business Modeling: cFrancesco Iannello c2016 xBUSINESS SOFTWARE APPLICATION uhttp://down.ebook777.com/047/9781530738724.pdf c345670d345670 001040aCLbCLd2017-12-04l0r2017-12-04 00:00:00w2017-12-04yCBE